| 000 | 00912cab a2200265 4500 | ||
|---|---|---|---|
| 001 | ABS59689 | ||
| 008 | 090401t1998 xxu||||| |||| 00| 0 eng d | ||
| 035 | _a(Sirsi) u89573 | ||
| 041 | _aeng | ||
| 100 | _aBallard, A. | ||
| 245 | _aHealth check | ||
| 260 | _c1998 | ||
| 350 | _a0 | ||
| 490 |
_aInside Housing _v15(46) 6 November 1998, 23(1) |
||
| 520 | _aDiscusses housing defects which may be prejudicial to health or constitute a statutory nuisance, in light of the court of appeal decision in the case of "Everett v Bristol Council". | ||
| 650 | _aENVIRONMENTAL PROTECTION ACT 1990 | ||
| 650 | _aEVERETT V BRISTOL COUNCIL | ||
| 650 | _aHEALTH ISSUES | ||
| 650 | _aHOUSING DEFECTS | ||
| 650 |
_aLANDLORD AND TENANT _96252 |
||
| 650 | _aSTATUTORY NUISANCE | ||
| 690 | _aPROPERTY-RESIDENTIAL PROPERTY-RESIDENTIAL LANDLORD AND TENANT-RESIDENTIAL TENANCIES | ||
| 942 | _n0 | ||
| 948 | _c10/11/1998 | ||
| 999 |
_c56682 _d56682 |
||